000 00490nam a22001577a 4500
999 _c527892
_d527892
082 _a658
100 _aGull, Rabia
245 _aDecision Support System:
_bMaking Decisions Effective in the public Sector of Pakistan /
_cRabia Gull.
260 _aIslamabad:
_bNBS - NUST,
_c2013.
300 _a57 p.: ill.;
_c30cm.
942 _2ddc
_cTHE
650 _aMBA Thesis.
_917629
700 _aKamran Khalid.
_918195